<?xml version="1.0" encoding="UTF-8"?><?xml-stylesheet type="text/xsl" href="static/style.xsl"?><OAI-PMH xmlns="http://www.openarchives.org/OAI/2.0/" xmlns:xsi="http://www.w3.org/2001/XMLSchema-instance" xsi:schemaLocation="http://www.openarchives.org/OAI/2.0/ http://www.openarchives.org/OAI/2.0/OAI-PMH.xsd"><responseDate>2026-04-13T02:08:58Z</responseDate><request verb="GetRecord" identifier="oai:www.recercat.cat:2117/116544" metadataPrefix="marc">https://recercat.cat/oai/request</request><GetRecord><record><header><identifier>oai:recercat.cat:2117/116544</identifier><datestamp>2026-01-21T06:27:07Z</datestamp><setSpec>com_2072_1033</setSpec><setSpec>col_2072_452950</setSpec></header><metadata><record xmlns="http://www.loc.gov/MARC21/slim" xmlns:dcterms="http://purl.org/dc/terms/" xmlns:xsi="http://www.w3.org/2001/XMLSchema-instance" xmlns:doc="http://www.lyncode.com/xoai" xsi:schemaLocation="http://www.loc.gov/MARC21/slim http://www.loc.gov/standards/marcxml/schema/MARC21slim.xsd">
   <leader>00925njm 22002777a 4500</leader>
   <datafield ind2=" " ind1=" " tag="042">
      <subfield code="a">dc</subfield>
   </datafield>
   <datafield ind2=" " ind1=" " tag="720">
      <subfield code="a">Martínez García, Herminio</subfield>
      <subfield code="e">author</subfield>
   </datafield>
   <datafield ind2=" " ind1=" " tag="720">
      <subfield code="a">Saberkari, Alireza</subfield>
      <subfield code="e">author</subfield>
   </datafield>
   <datafield ind2=" " ind1=" " tag="260">
      <subfield code="c">2016-07</subfield>
   </datafield>
   <datafield ind2=" " ind1=" " tag="520">
      <subfield code="a">This Mixed Signal Letter presents a proposal of four-quadrant linear-assisted DC/DC voltage regulator. In this topology, a class-AB linear voltage amplifier assists a four-quadrant switching DC/DC converter in order to obtain a compact circuit with advantages of both alternatives; i.e., high efficiency, inherent in switching converters, and low output ripple and fast reaction to the load changes that are characteristics of linear regulators. In order to reduce the power dissipation in the linear regulator, it is considered as an assisting circuit for providing just a small fraction of the total load current. Furthermore, this stage provides the required clock signal for the switching counterpart, obtaining a compact topology thanks to the reduction of the complexity in the design of the control scheme for the switching converter. In fact, the proposed topology can be addressed to on-chip practical implementations, since no output capacitors are required. This last advantage provides the possibility of obtaining good-performance power-supply modulators for envelope tracking techniques in power amplifiers. The implementation and results indicate that the proposed four-quadrant linear-assisted DC/DC regulator can achieve a notably compacting and higher performance, while consuming less power in comparison to linear alternatives.</subfield>
   </datafield>
   <datafield ind2=" " ind1=" " tag="520">
      <subfield code="a">Postprint (author's final draft)</subfield>
   </datafield>
   <datafield tag="653" ind2=" " ind1=" ">
      <subfield code="a">Àrees temàtiques de la UPC::Enginyeria electrònica</subfield>
   </datafield>
   <datafield tag="653" ind2=" " ind1=" ">
      <subfield code="a">DC-to-DC converters</subfield>
   </datafield>
   <datafield tag="653" ind2=" " ind1=" ">
      <subfield code="a">DC–DC switching converters Linear voltage regulators Four-quadrant DC/DC switching converter Linear-assisted DC/DC regulator Hysteretic control.</subfield>
   </datafield>
   <datafield tag="653" ind2=" " ind1=" ">
      <subfield code="a">Convertidors continu-continu</subfield>
   </datafield>
   <datafield ind2="0" ind1="0" tag="245">
      <subfield code="a">Four–quadrant linear–assisted DC/DC voltage regulator</subfield>
   </datafield>
</record></metadata></record></GetRecord></OAI-PMH>